01892nam a2200277 a 4500001001000000005001700010008004100027041000800068044000700076084002000083100004500103245009500148250000600243260003600249300003200285500039300317500019400710500039100904500007101295500001101366650005201377650005601429650003401485650004501519740005001564BRCA_278920190320203953.0081208s1905----sp-a---###---#000-0#spa-u aspa asp a250b.S47c19051 aCervantes Saavedra, Miguel ded1547-161610aEl Ingenioso Hidalgo Don Quijote de la Manchaccompuesto por Miguel de Cervantes Saavedra. a3 aBarcelonabFrancisco Seixc1905 a2 v.bil. (a color)c23 cm. aContenido : v 1. Primera parte. Dedicatoria del editor A. S. M. Rey Don Adolfo XIII. Proemio de J. Ma. Asensio. Facsímiles de algunos documentos autografos de Cervantes. Reproducción fotográfica de las anotaciones puestas por un lector del siglo XVII en un ejemplar de la segunda edición del Quijote impresa en 1605. Preliminares. Texto. -- v 2. Segunda parte. Preliminares. Texto aEdición : Lujosa edición con un proemio del Sr. D. Jose Ma. Asensio. Ilustraciones de José Moreno Carbonero y Laureano Barrau. Cabeceras iniciales policromadas, de diferentes artistas aCopia de la edición publicada por el mismo editor, en 1898, sin más diferencia que llevar el tomo I de la presente, una reproducción fotográfica de las anotaciones puestas por un lector de principios del siglo XVII, en un ejemplar de la segunda edición del Quijote (1605). Semitela; lomos y planos profusamente decorados con adornos dorados y de otros colores Lúdovik Osterc aEstado físico : En la portada viene el nombre de Soledad Gómez aQM109914aNovela españolayÉpoca clásica, 1500-170014aLiteratura españolayÉpoca clásica, 1500-170014aNovela españolaySiglo XVII14aDon Quijote (Personaje ficticio)eNovela0 aEl Ingenioso Hidalgo Don Quijote de la Mancha